La grande industrie des acides organiques (Record no. 135981)

MARC details
000 -LEADER
campo de control de longitud fija 00572nam a2200169 4500
001 - NÚMERO DE CONTROL
campo de control 135981
003 - IDENTIFICADOR DE NÚMERO DE CONTROL
campo de control ES-MaACL
007 - CAMPO FIJO DE DESCRIPCIÓN FÍSICA--INFORMACIÓN GENERAL
campo de control de longitud fija t|
008 - DATOS DE LONGITUD FIJA--INFORMACIÓN GENERAL
campo de control de longitud fija 070214s1923 fr r ||||1| fre d
100 1# - ENTRADA PRINCIPAL--NOMBRE DE PERSONA
Nombre de persona Roux, Ulysse.
9 (RLIN) 100115
245 13 - MENCIÓN DEL TÍTULO
Título La grande industrie des acides organiques
Resto del título : bitartrate de potassium, acide tartrique, acide citrique /
Mención de responsabilidad, etc. Ulysse Roux.
250 ## - MENCION DE EDICION
Mención de edición 2ª. ed.
Resto de la mención de edición mise a jour par Albert Aubry.
260 ## - PUBLICACIÓN, DISTRIBUCIÓN, ETC.
Lugar de publicación, distribución, etc. Paris :
Nombre del editor, distribuidor, etc. [s.n.],
Fecha de publicación, distribución, etc. 1923 (
Fabricante Imp. Deslis Fréres)
300 ## - DESCRIPCIÓN FÍSICA
Extensión VIII, 560 p. ;
Dimensiones 25 cm.
700 1# - ENTRADA AGREGADA--NOMBRE PERSONAL
Nombre de persona Aubry, Albert.
9 (RLIN) 23821
852 ## - LOCALIZACIÓN
Ubicación ES-MaACL
Número de control de estantería B-4415
Holdings
Estatus retirado Estado de pérdida Estado de daño No para préstamo Biblioteca de origen Biblioteca actual Ubicación en estantería Fecha de adquisición Fuente de adquisición Total de préstamos Signatura topográfica completa Código de barras Visto por última vez Precio de reemplazo Tipo de ítem Koha
        Biblioteca del Ateneo de Madrid Biblioteca del Ateneo de Madrid Sala Pardo Bazán 17/01/2008     B-4415 1141524 23/02/2023 23/02/2023 Libro impreso